00441nam a2200157Ia 450000500170000000800410001702000150005808200150007310000080008824500820009625000090017826000570018730000180024465000100026265000110027220240429005653.0240331s9999 xx 000 0 und d a9221090590 bPROa331.4 aILO 0aProvision of the ILO conventions and recommendations concerning women workers a1 St a SwitzerlandbInternational Labor Organizationc1993 avii, 106 p ., awomen aGender